Deutsch-polnische Rechtsgemeinschaft: gemeinsam in Europa, gemeinsam für Europa
Der Band dokumentiert ein deutsch-polnisches Symposium anlässlich des 20-jährigen Bestehens der Schule des deutschen Rechts an der Jagiellonen-Universität Krakau.
Saved in:
| Other Authors: | , , , |
|---|---|
| Format: | Conference Paper |
| Language: | German |
| Published: |
Baden-Baden
Nomos Verlagsgesellschaft
2021
|
| Edition: | 1. Auflage |
| Series: | Rechtstransformation in der Europäischen Union
Band 13 |
| In: |
Rechtstransformation in der Europäischen Union (Band 13)
|
| Volumes / Articles: | Show Volumes / Articles. |
| DOI: | 10.5771/9783748921127 |
| Subjects: | |
| Online Access: | Verlag, lizenzpflichtig, Volltext: https://www.nomos-elibrary.de/10.5771/9783748921127 Resolving-System, lizenzpflichtig, Volltext: https://doi.org/10.5771/9783748921127 |
| Author Notes: | Udo Fink, Peter-Christian Müller-Graff, Krzysztof Oplustil, Przemyslaw Roguski (Hrsg.) |
MARC
| LEADER | 00000cam a2200000 c 4500 | ||
|---|---|---|---|
| 001 | 1751206971 | ||
| 003 | DE-627 | ||
| 005 | 20240426205258.0 | ||
| 007 | cr uuu---uuuuu | ||
| 008 | 210312s2021 xx |||||o 00| ||ger c | ||
| 020 | |a 9783748921127 |c PDF |9 978-3-7489-2112-7 | ||
| 024 | 7 | |a 10.5771/9783748921127 |2 doi | |
| 035 | |a (DE-627)1751206971 | ||
| 035 | |a (DE-599)KEP062255339 | ||
| 035 | |a (NOMOS)9783748921127 | ||
| 035 | |a (DE-627-1)062255339 | ||
| 040 | |a DE-627 |b ger |c DE-627 |e rda | ||
| 041 | |a ger | ||
| 072 | 7 | |a 1778 |2 wsb | |
| 082 | 0 | |a 349.43 |q SEPA | |
| 082 | 0 | |a 349.438 |q SEPA | |
| 082 | 0 | 4 | |a 340 |q DE-576 |
| 084 | |a 19 |2 sdnb | ||
| 084 | |a 19 |2 sdnb | ||
| 084 | |a PS 3720 |q SEPA |2 rvk |0 (DE-625)rvk/139784: | ||
| 084 | |a 86.09 |2 bkl | ||
| 245 | 0 | 0 | |a Deutsch-polnische Rechtsgemeinschaft |b gemeinsam in Europa, gemeinsam für Europa |c Udo Fink, Peter-Christian Müller-Graff, Krzysztof Oplustil, Przemyslaw Roguski (Hrsg.) |
| 250 | |a 1. Auflage | ||
| 264 | 1 | |a Baden-Baden |b Nomos Verlagsgesellschaft |c 2021 | |
| 264 | 4 | |c ©2021 | |
| 300 | |a 1 Online-Ressource (161 Seiten) | ||
| 336 | |a Text |b txt |2 rdacontent | ||
| 337 | |a Computermedien |b c |2 rdamedia | ||
| 338 | |a Online-Ressource |b cr |2 rdacarrier | ||
| 490 | 1 | |a Rechtstransformation in der Europäischen Union |v Band 13 | |
| 490 | 0 | |a Nomos eLibrary |a Europarecht | |
| 500 | |a Gesehen am 02.07.2021 | ||
| 500 | |a "Die vorliegende Publikation stellt eine Sammlung von Abhandlungen und Vorträgen dar, die im Zusammenhang mit einem wissenschaftlichen Seminar stehen, welches im Juni 2018... an der Jagiellonen-Universität Krakau abgehalten wurde." - (Einführung) | ||
| 520 | |a Der Band dokumentiert ein deutsch-polnisches Symposium anlässlich des 20-jährigen Bestehens der Schule des deutschen Rechts an der Jagiellonen-Universität Krakau. | ||
| 650 | 4 | |a Europarecht | |
| 650 | 4 | |a Polen | |
| 650 | 4 | |a Rechtsvergleichung | |
| 650 | 4 | |a Unionsrecht | |
| 650 | 4 | |a europäische Einigung | |
| 650 | 4 | |a geeintes Europa | |
| 650 | 4 | |a Rechtsdialog | |
| 655 | 7 | |a Konferenzschrift |y 2018 |z Krakau |0 (DE-588)1071861417 |0 (DE-627)826484824 |0 (DE-576)433375485 |2 gnd-content | |
| 689 | 0 | 0 | |d g |0 (DE-588)4011882-4 |0 (DE-627)104704861 |0 (DE-576)208896155 |a Deutschland |2 gnd |
| 689 | 0 | 1 | |d g |0 (DE-588)4046496-9 |0 (DE-627)106197762 |0 (DE-576)209069872 |a Polen |2 gnd |
| 689 | 0 | 2 | |d s |0 (DE-588)4062801-2 |0 (DE-627)106130129 |0 (DE-576)209146168 |a Verfassungsrecht |2 gnd |
| 689 | 0 | 3 | |d s |0 (DE-588)4066510-0 |0 (DE-627)106113305 |0 (DE-576)209164875 |a Wirtschaftsrecht |2 gnd |
| 689 | 0 | 4 | |d s |0 (DE-588)4002769-7 |0 (DE-627)106392085 |0 (DE-576)208848622 |a Arbeitsrecht |2 gnd |
| 689 | 0 | |5 DE-101 | |
| 689 | 1 | 0 | |d b |0 (DE-588)1012007-5 |0 (DE-627)103211209 |0 (DE-576)191198420 |a Uniwersytet Jagielloński w Krakowie |2 gnd |
| 689 | 1 | 1 | |d s |0 (DE-588)4066583-5 |0 (DE-627)106113054 |0 (DE-576)209165197 |a Wissenschaftliche Kooperation |2 gnd |
| 689 | 1 | |5 DE-101 | |
| 700 | 1 | |a Fink, Udo |d 1957- |e HerausgeberIn |0 (DE-588)120632748 |0 (DE-627)08079520X |0 (DE-576)292314019 |4 edt | |
| 700 | 1 | |a Müller-Graff, Peter-Christian |d 1945- |e HerausgeberIn |0 (DE-588)121637565 |0 (DE-627)081437714 |0 (DE-576)16230885X |4 edt | |
| 700 | 1 | |a Oplustil, Krzysztof |d 1974- |e HerausgeberIn |0 (DE-588)122527186 |0 (DE-627)08199687X |0 (DE-576)293308799 |4 edt | |
| 700 | 1 | |a Roguski, Przemyslaw |e HerausgeberIn |4 edt | |
| 710 | 2 | |a Uniwersytet Jagielloński w Krakowie |e Gastgebende Institution |0 (DE-588)1012007-5 |0 (DE-627)103211209 |0 (DE-576)191198420 |4 his | |
| 776 | 1 | |z 9783848777198 | |
| 776 | 0 | 8 | |i Erscheint auch als |n Druck-Ausgabe |t Deutsch-polnische Rechtsgemeinschaft |b 1. Auflage |d Baden-Baden : Nomos, 2021 |h 161 Seiten |w (DE-627)1738517233 |z 9783848777198 |
| 830 | 0 | |a Rechtstransformation in der Europäischen Union |v Band 13 |9 13 |w (DE-627)805638903 |w (DE-576)420019464 |w (DE-600)2800684-7 |7 am | |
| 856 | 4 | 0 | |u https://www.nomos-elibrary.de/10.5771/9783748921127 |m X:NOMOS |x Verlag |z lizenzpflichtig |3 Volltext |
| 856 | 4 | 0 | |u https://doi.org/10.5771/9783748921127 |m X:NOMOS |x Resolving-System |z lizenzpflichtig |3 Volltext |
| 912 | |a EBS-18-Recht-Sachsen | ||
| 912 | |a GBV-18-NOL | ||
| 912 | |a ZDB-1-NJU |b 2021 | ||
| 912 | |a ZDB-1-NOL |b 2021 | ||
| 912 | |a ZDB-1-NOR |b 2021 | ||
| 912 | |a ZDB-18-NJR |b 2021 | ||
| 912 | |a ZDB-18-NOL |b 2021 | ||
| 912 | |a ZDB-18-NOR |b 2021 | ||
| 912 | |a GBV-18-NDS | ||
| 936 | r | v | |a PS 3720 |b Gesamtdarstellungen |k Rechtswissenschaft |k Europarecht; Recht der Europäischen Gemeinschaften bzw. der Europäischen Union und der sonstigen europäischen Organisationen; Europäische Rechtsvereinheitlichung |k Europäisches Gemeinschaftsrecht; Europäisches Unionsrecht |k Rechtsangleichung und Rechtsvereinheitlichung im Rahmen der EG/EU. Rechtsvergleich in Bezug auf das Recht der Mitgliedsstaaten |k Gesamtdarstellungen |0 (DE-627)1271423626 |0 (DE-625)rvk/139784: |0 (DE-576)201423626 |
| 936 | b | k | |a 86.09 |j Rechtsgeschichte |q SEPA |0 (DE-627)106413481 |
| 951 | |a BO | ||
| 990 | |a Wissenschaftliche Kooperation | ||
| 990 | |a Uniwersytet Jagielloński w Krakowie | ||
| 990 | |a Arbeitsrecht | ||
| 990 | |a Wirtschaftsrecht | ||
| 990 | |a Verfassungsrecht | ||
| 990 | |a Polen | ||
| 990 | |a Deutschland | ||
| 992 | |a 20210601 | ||
| 993 | |a Book | ||
| 994 | |a 2021 | ||
| 998 | |g 121637565 |a Müller-Graff, Peter-Christian |m 121637565:Müller-Graff, Peter-Christian |d 20000 |e 20000PM121637565 |k 0/20000/ |p 2 | ||
| 999 | |a KXP-PPN1751206971 |e 3933847664 | ||
| BIB | |a Y | ||
| SPR | |a Y | ||
| JSO | |a {"title":[{"title_sort":"Deutsch-polnische Rechtsgemeinschaft","subtitle":"gemeinsam in Europa, gemeinsam für Europa","title":"Deutsch-polnische Rechtsgemeinschaft"}],"type":{"media":"Online-Ressource","bibl":"edited-book"},"language":["ger"],"person":[{"display":"Fink, Udo","family":"Fink","role":"edt","given":"Udo"},{"family":"Müller-Graff","display":"Müller-Graff, Peter-Christian","role":"edt","given":"Peter-Christian"},{"display":"Oplustil, Krzysztof","family":"Oplustil","given":"Krzysztof","role":"edt"},{"role":"edt","given":"Przemyslaw","display":"Roguski, Przemyslaw","family":"Roguski"}],"note":["Gesehen am 02.07.2021","\"Die vorliegende Publikation stellt eine Sammlung von Abhandlungen und Vorträgen dar, die im Zusammenhang mit einem wissenschaftlichen Seminar stehen, welches im Juni 2018... an der Jagiellonen-Universität Krakau abgehalten wurde.\" - (Einführung)"],"relMultPart":[{"recId":"805638903","pubHistory":["1.2010; 2.2009 -"],"disp":"Rechtstransformation in der Europäischen Union","dispAlt":"Rechtstransformation in der Europäischen Union","id":{"eki":["805638903"],"zdb":["2800684-7"]},"type":{"bibl":"serial","media":"Online-Ressource"},"part":{"number_sort":["13"],"number":["Band 13"]},"note":["Gesehen am 24.11.14"],"origin":[{"dateIssuedDisp":"2009-","publisherPlace":"Baden-Baden","publisher":"Nomos","dateIssuedKey":"2009"}],"physDesc":[{"extent":"Online-Ressource"}],"title":[{"title":"Rechtstransformation in der Europäischen Union","title_sort":"Rechtstransformation in der Europäischen Union"}],"language":["ger"]}],"physDesc":[{"extent":"1 Online-Ressource (161 Seiten)"}],"id":{"isbn":["9783748921127"],"doi":["10.5771/9783748921127"],"eki":["1751206971"]},"origin":[{"editionNo":"1","dateIssuedKey":"2021","publisher":"Nomos Verlagsgesellschaft","publisherPlace":"Baden-Baden","edition":"1. Auflage","dateIssuedDisp":"2021"}],"recId":"1751206971","name":{"displayForm":["Udo Fink, Peter-Christian Müller-Graff, Krzysztof Oplustil, Przemyslaw Roguski (Hrsg.)"]},"corporate":[{"display":"Uniwersytet Jagielloński w Krakowie","role":"his"}]} | ||
| SRT | |a DEUTSCHPOL2021 | ||